Responses for Show #7096 - Monday, June 22, 2015

Brennan Bushee game 6.

Contestants

[<< previous game]

Sacha Samotin, a student from Naples, Florida

Kay Yung, a psychiatrist from San Diego, California

Brennan Bushee, an operations analyst from Malden, Massachusetts (whose 5-day cash winnings total $126,404)

[next game >>]

Jeopardy! Round responses

THE MOST POPULOUS NATION
BIBLE "B" BOYS
FIORELLO LaGUARDIA HIGH SCHOOL ALUMS
BIRD WORDS & PHRASES
TAKE A PHOTO
SAY CHEESE!
    $200 6
Italy

Sacha
    $200 1
Barabbas

Kay
    $200 15
Fame

Sacha
    $200 21
a wild-goose chase

Brennan
    $200 11
[Alex adds "which is" before "French" when reading the clue.]

matte

Kay
    $200 12
fondue

Sacha
    $400 7
Saudi Arabia

Brennan
    $400 2
Benjamin

Kay
    $400 16
Liza Minnelli

Brennan
    $400 22
a bird's-eye view

Brennan
    $400 19
depth of field

Triple Stumper
    $400 13
Tipperary

Kay
    $600 8
Poland

Sacha
    $600 3
Bartholomew

Brennan
    $600 20
(Sacha: Uh, who was Paula Abdul?)

Nicki Minaj

Sacha
Triple Stumper
    $600 23
to crow

Triple Stumper
    $600 25
(Alex: With less than a minute, you are right.)

Kodachrome

Brennan
    $600 14
Cheetos

Sacha
    $800 9
(Kay: What is East Timor?)

North Korea

KaySacha
    $800 4
Boaz

Brennan
    $800 28
Jennifer Aniston

Kay
    $800 24
a cock-and-bull story

Triple Stumper
    $800 26
red-eye

Brennan
    $800 17
paneer

Kay
    $1000 10
Serbia

Triple Stumper
    $1,400 5
Belshazzar

Brennan
    $1000 29
[The end-of-round signal sounds.]

(Laurence) Fishburne

Sacha
    $1000 27
(Alex: Spilling the beans.)

a canary

Triple Stumper
    $1000 18
Munster

Triple Stumper

Scores at the first commercial break (after clue 15):

Brennan Kay Sacha
$3,200 $400 $2,600

Scores at the end of the Jeopardy! Round:

Brennan Kay Sacha
$5,600 $2,000 $3,000

Double Jeopardy! Round responses

A BOUQUET OF FLOWERS
PLAY INTO FILM
WORKING ON A BUILDING
HUMAN ENDEAVOR
"A_C_D_C"
(Alex: Each correct response beginning with the letter "A" followed by those other letters somewhere there.)
OLD JERSEY, NEW JERSEY
    $400 25
the daffodil

Kay
    $400 9
Les Miserables

Brennan
    $400 3
the Colosseum

Brennan
    $400 1
marathons

Kay
    $400 13
academic

Sacha
    $400 21
Trenton

Sacha
    $800 26
a carnation

Brennan
    $800 10
Cyrano de Bergerac

Kay
    $800 4
Notre Dame

Brennan
    $800 2
the Green Revolution

Brennan
    $800 14
actor-director

Sacha
    $800 22
the Channel Islands

Sacha
    $1200 11
War Horse

Brennan
    $1200 5
the Pentagon

Sacha
    $1200 8
(Captain) Cook

Brennan
    $1200 15
accordance

Brennan
    $1200 23
(Brennan: What is a horse?)
...
(Alex: Less than a minute now.)

a cow

BrennanSacha
    $3,000 12
(Brennan: Mm. I don't know.)
(Alex: Oh, that's too bad. Kay, tell him.)
(Kay: [*]?)
(Alex: Yes, the story of Helen Keller. Kay wishes she had hit that Daily Double. So it's a closer game, Brennan. Go again.)

The Miracle Worker

Brennan
    $1600 6
the Flatiron

Brennan
    $5,000 19
(Alex: Way to go. Feels good, doesn't it?)
(Kay: It does. Yeah.)

Carolus Linnaeus

Kay
    $1600 16
acey-deucey

Triple Stumper
    $1600 24
Zeppelins (or dirigibles)

Kay
    $2000 28
[The end-of-round signal sounds.]

calla lilies

Kay
    $2000 18
Burl Ives

Triple Stumper
    $2000 7
the Alhambra

Kay
    $2000 20
Summa Theologica

Brennan
    $2000 17
archdiocese

Kay
    $2000 27
Edison

Sacha

Scores at the end of the Double Jeopardy! Round:

Brennan Kay Sacha
$11,800 $16,200 $9,800

[wagering suggestions for these scores]

Final Jeopardy! Round responses

THE FUTURE OF TELEVISION
SachaWhat is Lost in Space?
$9,800
BrennanWhat is Lost in Space?
$5,000
KayWhat is The Jetsons?
$0
Lost in Space

Final scores:

Brennan Kay Sacha
$16,800 $16,200 $19,600
2nd place: $2,000 3rd place: $1,000 New champion: $19,600

Game dynamics:

Coryat scores:

Brennan Kay Sacha
$14,400 $12,800 $9,800
19 R
(including 1 DD),
2 W
(including 1 DD)
14 R
(including 1 DD),
1 W
14 R,
1 W

Combined Coryat: $37,000

[game clues] [game scores] [suggest correction]

Game tape date: Unknown
The J! Archive is created by fans, for fans. Scraping, republication, monetization, and malicious use prohibited; this site may use cookies and collect identifying information. See terms. The Jeopardy! game show and all elements thereof, including but not limited to copyright and trademark thereto, are the property of Jeopardy Productions, Inc. and are protected under law. This website is not affiliated with, sponsored by, or operated by Jeopardy Productions, Inc. Join the discussion at JBoard.tv.